| 000 | 00748cam a2200313ua 4500 | ||
|---|---|---|---|
| 020 | _c9.00 | ||
| 041 |
_amal _h |
||
| 082 |
_a633 _bGOP/VI |
||
| 100 | _aGopimony, R . | ||
| 245 |
_aVila sasya sasthram / _cR Gopimony. _hTextual Documents |
||
| 250 |
_a1 / _b. |
||
| 260 |
_aThiruvananthapuram : _bState Instititute of Languages , _c1973. |
||
| 300 | _a292 ; . | ||
| 365 | _a9.00 | ||
| 504 | _a | ||
| 700 | 1 | _aKothari, N M . | |
| 942 | _cBK | ||
| 999 |
_c10927 _d10927 |
||